Los náufragos del Stanbrook / (Record no. 89055)
[ view plain ]
| 000 -LEADER | |
|---|---|
| campo de control de longitud fija | 01134nam a2200253 i 4500 |
| 001 - NÚMERO DE CONTROL | |
| campo de control | 89055 |
| 003 - IDENTIFICADOR DE NÚMERO DE CONTROL | |
| campo de control | ES-MaACL |
| 005 - FECHA Y HORA DE LA ÚLTIMA TRANSACCIÓN | |
| campo de control | 20250802063110.0 |
| 007 - CAMPO FIJO DE DESCRIPCIÓN FÍSICA--INFORMACIÓN GENERAL | |
| campo de control de longitud fija | t| |
| 008 - DATOS DE LONGITUD FIJA--INFORMACIÓN GENERAL | |
| campo de control de longitud fija | 050126s2004 sp ||||1| spa d |
| 020 ## - NÚMERO INTERNACIONAL ESTÁNDAR DEL LIBRO | |
| Número Internacional Estándar del Libro | 84-8433-874-6 |
| 080 ## - NÚMERO DE LA CLASIFICACIÓN DECIMAL UNIVERSAL | |
| Número de la Clasificación Decimal Universal | 821.134.2-31"19" |
| 100 1# - ENTRADA PRINCIPAL--NOMBRE DE PERSONA | |
| Nombre de persona | Torres, Rafael, |
| Fechas asociadas al nombre | 1955- |
| 9 (RLIN) | 176043 |
| 245 14 - MENCIÓN DEL TÍTULO | |
| Título | Los náufragos del Stanbrook / |
| Mención de responsabilidad, etc. | Rafael Torres. |
| 250 ## - MENCION DE EDICION | |
| Mención de edición | 1ª ed. |
| 260 ## - PUBLICACIÓN, DISTRIBUCIÓN, ETC. | |
| Lugar de publicación, distribución, etc. | Sevilla : |
| Nombre del editor, distribuidor, etc. | Algaida, |
| Fecha de publicación, distribución, etc. | 2004. |
| 300 ## - DESCRIPCIÓN FÍSICA | |
| Extensión | 250 p. ; |
| Dimensiones | 24 cm. |
| 586 ## - NOTA DE PREMIOS | |
| Nota de premios | XXXVI Premio de novela Ateneo de Sevilla |
| 594 ## - Nota al título y mención de responsabilidad | |
| Nota al título y mención de responsabilidad | 28 de marzo de 1939 las operaciones bélicas finalizan en España, con la victoria del ejército rebelde de Franco. Miles de personas aguardan los barcos prometidos... pasan los días, y sólo el Stanbrook, un viejo carbonero inglés, comandado por el capitán Dickson, acude en auxilio de los vencidos, burlando el bloqueo de la escuadra franquista, los submarinos de Mussolini y la aviación nazi |
| 610 24 - PUNTO DE ACCESO ADICIONAL DE MATERIA--NOMBRE DE ENTIDAD CORPORATIVA | |
| Nombre de entidad corporativa o nombre de jurisdicción como elemento de entrada | Stanbrook (Barco) |
| 9 (RLIN) | 174164 |
| 651 #4 - PUNTO DE ACCESO ADICIONAL DE MATERIA--NOMBRE GEOGRÁFICO | |
| Nombre geográfico | España- |
| Subdivisión general | Historia- |
| Subdivisión cronológica | 1936-1939, Guerra civil- |
| Subdivisión de forma | Novelas. |
| 9 (RLIN) | 8310 |
| 852 4# - LOCALIZACIÓN | |
| Ubicación | ES-MaACL |
| Número de control de estantería | L-28686 |
| Estatus retirado | Estado de pérdida | Estado de daño | No para préstamo | Biblioteca de origen | Biblioteca actual | Ubicación en estantería | Fecha de adquisición | Fuente de adquisición | Total de préstamos | Signatura topográfica completa | Código de barras | Visto por última vez | Precio de reemplazo | Tipo de ítem Koha |
|---|---|---|---|---|---|---|---|---|---|---|---|---|---|---|
| Biblioteca del Ateneo de Madrid | Biblioteca del Ateneo de Madrid | Depósito 2 | 17/01/2008 | L-28686 | 1093010 | 23/02/2023 | 23/02/2023 | Libro impreso |
